Accurate seismic phase-velocities from interfering surface-waves using homomorphic deconvolution /

Bibliographic Details
Main Author: Szerbiak, Robert Bruce, 1948-
Format: Thesis eBook
Language:English
Published: [Place of publication not identified] : [publisher not identified] ; 1981.
Subjects:
Online Access:Link to OAKTrust copy

MARC

Tag First Indicator Second Indicator Subfields
LEADER 00000cam a2200000 a 4500
001 in00000215212
005 20220103114827.0
007 cr unu a
008 830126s1981 xx a b 00010 eng d
035 |9 AAX7876AM 
035 |a (OCoLC)09166076 
040 |a TXA  |c TXA  |d UtOrBLW 
049 |a TXAZ [Also in] [Archives]  |c 1 [1804872], 2 [1804873] 
099 |a 1981  |a Thesis  |a S997 
100 1 |a Szerbiak, Robert Bruce,  |d 1948- 
245 1 0 |a Accurate seismic phase-velocities from interfering surface-waves using homomorphic deconvolution /  |c by Robert Bruce Szerbiak. 
264 1 |a [Place of publication not identified] :  |b [publisher not identified] ;  |c 1981. 
300 |a xi, 108 leaves : illustrations ;  |c 29 cm. 
336 |a text  |b txt  |2 rdacontent 
337 |a computer  |b c  |2 rdamedia 
338 |a online resource  |b cr  |2 rdacarrier 
500 |a "Major subject: Geophysics." 
500 |a Typescript (photocopy). 
500 |a Vita. 
502 |b M.S.  |c Texas A&M University  |d 1981. 
504 |a Bibliography: leaves 105-107. 
530 |a Also available online. 
650 0 |a Seismic reflection method  |x Deconvolution. 
650 0 |a Surface waves (Oceanography) 
650 4 |a Major geophysics. 
856 4 1 |u https://hdl.handle.net/1969.1/ETD-TAMU-1981-THESIS-S997  |z Link to OAKTrust copy  |t 0 
999 |a MARS 
999 f f |s 152e93bd-08ab-314d-8da6-35dfcef3b1d6  |i 22b78071-84aa-32cd-bc2f-e6ee03c7941a  |t 0 
952 f f |p noncirc  |a Texas A&M University  |b J.J. Pickle Campus  |c High Density Repository  |s HDR  |d Remote Storage  |t 0  |e 1981 Thesis S997  |h Other scheme  |i computer -- online resource  |m A14841003640 
952 f f |a Texas A&M University  |b College Station  |c Electronic Resources  |s www_evans  |d Available Online  |t 0  |e 1981 Thesis S997  |h Other scheme 
998 f f |a 1981 Thesis S997  |t 0  |l Available Online 
998 f f |a 1981 Thesis S997  |t 0  |l Remote Storage